00609nam a22001577a 4500003000400000008004100004020001800045082001800063100002500081245007300106260003700179300001200216942001200228999001700240952019400257OSt240828b |||||||| |||| 00| 0 eng d a9788124605936 a306.8509bSII aSINGH, Bal Ram (Ed.) aIndian Family System : the concept, practices, and current relevance aDelhi:bDK Print World.c20011. ax,251p. 2ddccBK c12841d12841 00102ddc40708IKSaPIETbPIETd2024-08-28eZafaa Books and DistributorsfINRg700.00kZBD0134l1o306.8509 SIIp38400q2025-08-18r2025-01-28 00:00:00s2025-01-28v525.00w2024-08-12yBK